The Ultimate Greek Mythology Quiz - Statistics

General Stats
  • This quiz has been taken 329 times
  • The average score is 55 of 90
Answer Stats
Hint Answer % Correct
God and King of the Underworld Hades
99%
Queen of the Gods, Goddess of Marriage Hera
99%
King of the Gods, God of the Sky and Thunder Zeus
99%
Where the Gods Live Olympus
98%
God of the Oceans, Horses, and Earthquakes Poseidon
97%
God of Music, Poetry, Truth, Plague, Healing, the Sun, and Archery Apollo
96%
Goddess of Wisdom and Craft Athena
96%
Goddess of Love, Beauty, and Sexuality Aphrodite
95%
God of Warfare Ares
95%
Goddess of the Hunt, the Moon, and Animals Artemis
95%
Queen of the Underworld Persephone
95%
Titan King and God of Time Cronus
93%
Goddess of Fertility and Agriculture Demeter
92%
One of the Above who was beheaded Medusa
91%
Hero of the Trojan War with a vulnerable Heel Achilles
90%
Goddess of Strife and Discord Eris
90%
God of Fire, Forges, and Craftmanship Hephaestus
89%
King whos touch turned everything to gold Midas
89%
Half man, half bull creature who lived in the Labyrinth Minotaur
89%
Son of the Above, who flew too close to the Sun Icarus
88%
Hero who slayed the Above Perseus
88%
Goddess of the Home and Hearth Hestia
87%
Personification of the Earth Gaia
86%
Completed 12 Labors, Married Hebe Heracles
86%
God of Wine and Madness, who married the Above Dionysus
85%
Clever Hero of Greece, who designed the Trojan Horse Odysseus
85%
Winged Horse, Son of Poseidon and Medusa Pegasus
85%
God of Love and Sexual Desire, sometimes considered the son of Aphrodite Eros
84%
Sister of the Above, Kidnapped by Paris Helen
84%
Hero who slayed the Above Theseus
81%
Sorceress who turned men into Pigs Circe
80%
Gave fire to Mortals Prometheus
80%
Wife of the Above, who fended off suitors for 20 years Penelope
79%
Personification of Night Nyx
78%
Opened the pithos filled with Evil Things Pandora
77%
Craftsman who designed the Labyrinth Daedalus
76%
Titan of the Sun Helios
76%
Hero Of Troy, Killed by Achilles Hector
75%
Titan Queen Rhea
75%
Wife of the Above, namesake of a Galaxy Andromeda
74%
Goddess who Trapped Odysseus on her Island for Seven Years Calypso
73%
Hero who was cursed to Kill his Father and Marry with his Mother Oedipus
72%
Creature with Snakes for Hair, who could turn a man to Stone Gorgon
71%
Titan of the Moon Selene
67%
Personification of the Sky Uranus
67%
King of Crete, who owned the Labyrinth Minos
65%
Twin who is part of the constellation Gemini (first alphabetically) Castor
64%
Lover of the Above, who died for him in Battle Patroclus
64%
Creature slain by the Above, with a Lion's head, a Goat's body, and a Serpent's tail. Chimera
63%
Twin who is part of the constellation Gemini (last alphabetically) Pollux
63%
Princess who helped the Above navigate the Labyrinth Ariadne
59%
Oracle of Apollo who gave Dire Prophecies Delphi
56%
Daughter of Zeus and Hera, Goddess of Youth Hebe
54%
King of Troy during the Trojan War Priam
54%
Son of the Above Telemachus
53%
Goddess of the Soul, Lover of Eros Psyche
51%
Kingdom where Helen (+ siblings) were originally from Sparta
50%
Hero who Rode the Above Bellerophon
49%
First Husband of Helen, started the Trojan War to get her back Menelaus
49%
Lover of Apollo, turned into a Laurel Tree Daphne
46%
Mother of Achilles Thetis
44%
God of the West Wind, Killer of Above Zephyr
38%
Titan of the East Hyperion
37%
Mother of the Above Jocasta
37%
Titan of Memory Mnemosyne
37%
Lover of Zeus, Cupbearer of the Gods Ganymede
36%
Heroine Raised in the Woods by bears Atalanta
35%
Daughter of Ares, Goddess of Harmony Harmonia
34%
Titan of Wisdom, Mother of Athena Metis
34%
Sister of the Above, Wife of Agamemnon, Queen of Mycenae Clytemnestra
33%
Lover of Zeus, turned into a Cow Io
33%
Personification of Darkness Erebus
32%
Sister of the above, Lover of Zeus Europa
32%
Titan of the West Iapetus
32%
Titan of Justice and Divine Order Themis
32%
Lover of Apollo, Killed by a Flying Discus Hyacinthus
31%
Mother of the Above, namesake of a constellation Cassiopeia
30%
Lead Suitor of Penelope, Killed by Odysseus Antinous
29%
Titan of the North Coeus
24%
Personification of Day, Daughter of Above Hemera
24%
Son of the Above, who accidentally killed his Father Telegonus
24%
Husband of the Above, Founder of Thebes Cadmus
22%
Titan of the South Krios
22%
Cousin of the Above, who was pushed off a cliff by his Uncle Perdix
16%
Sister of Odysseus, Lover of Eurylochus Ctimene
15%
Goddess of Misery, Lives in Tartaurs Akhlys
14%
Lover of the Above, who won her hand in a Foot Race Hippomenes
13%
Sister of Above, who was assaulted by the King of Thrace Philomela
12%
Queen of Thrace, Wife of Above Procne
12%
King of Thrace, who lusted after his Wife's Sister Tereus
12%
No matching quizzes found
Score Distribution
Percent of People with Each Score
Percentile by Number Answered
Your Score History
You have not taken this quiz